| 000 | 01619nam a2200241Ia 4500 | ||
|---|---|---|---|
| 999 |
_c51825 _d51825 |
||
| 001 | 18820 | ||
| 003 | GE_BSU | ||
| 005 | 20210413135348.0 | ||
| 008 | 181216s2014||||ge |||||||||||||| ||geo|| | ||
| 040 | _cGE_BSU | ||
| 041 | _ageo | ||
| 080 | _a61 შ-32 | ||
| 100 |
_aშაშიაშვილი, ნანა _911291 |
||
| 245 |
_aმცენარეული წარმოშობის ანტიოქსიდანტური აქტიურობის მქონე საშუალების მიღება და სტანდარტიზაცია / _c ნანა შაშიაშვილი; სამეცნიერო ხელმძღვანელი: დალი ბერაშვილი; თბილისის სახელმწიფო სამედიცინო უნივერსიტეტი. |
||
| 264 |
_aთბილისი, _c2014. |
||
| 300 |
_a268 გვ. _b30 სმ. |
||
| 653 | _aდისერტაცია | ||
| 653 | _aმედიცინა | ||
| 653 | _aმცენარეული წარმოშობის ანტიოქსიდანტური აქტიურობის მქონე საშუალების მიღება და სტანდარტიზაცია | ||
| 700 |
_a ბერაშვილი, დალი _eსამეცნიერო ხელმძღვანელი _911292 |
||
| 710 |
_aთბილისის სახელმწიფო სამედიცინო უნივერსიტეტი _911293 |
||
| 942 |
_cBK _2udc |
||